Score 0/20 Timer 03:00
0 Plays Today
% Correct
Charlie Brown
91.3%
James Brown
90.5%
Dan Brown
88.9%
Bobby Brown
85.3%
Eva Braun
84.8%
Wernher von Braun
74.5%
Gordon Brown
73.5%
Elizabeth Barrett Browning
71.9%
Albert Lebrun
70.3%
Jim Brown
67.6%
% Correct
Encyclopedia Brown
66.6%
Lavender Brown
65.8%
Mrs. Brown
61.1%
Ryan Braun
57.9%
Matthew Sandifer Browning
54.3%
Carol Moseley Braun
51.3%
Sanford Braun
51.2%
Les Brown
50.6%
Rita Mae Brown
40.9%
Christy Brown
32.7%
Remove Ads.
Support Sporcle.
Get the best of Sporcle when you Go Orange. This ad-free experience offers more features, more stats, and more fun while also helping to support Sporcle. Thank you for becoming a member.

You're not logged in!

Compare scores with friends on all Sporcle quizzes.
OR
Log In

Show Comments

Extras

Top Quizzes Today


Score Distribution

Your Account Isn't Verified!

In order to create a playlist on Sporcle, you need to verify the email address you used during registration. Go to your Sporcle Settings to finish the process.

Report this User

Report this user for behavior that violates our Community Guidelines.

Details: